|
|
|
|
| LEADER |
00000cam a2200000 7i4500 |
| 001 |
0000001519 |
| 005 |
20010727.0 |
| 090 |
0 |
0 |
|a 333.735
|b ASE [1991]
|
| 110 |
1 |
0 |
|a ASEAN Seminar on "Land Use Decisions and Policies: Will Tropical Forests Survive their Impacts??"
|k 1991
|j Penang
|
| 245 |
1 |
0 |
|a Proceedings of ... , 28-30 October 1991, Penang, Malaysia
|
| 260 |
0 |
0 |
|a Kuala Lumpur :
|b AIFM ,
|c [1991]
|
| 300 |
|
|
|a Various pagings ;
|c 30 cm.
|
| 500 |
0 |
0 |
|a Includes bibliographies
|
| 650 |
0 |
0 |
|a Forests and forestry
|x Government policy
|x Congresses
|
| 650 |
0 |
0 |
|a Land use
|x Government policy
|x Congresses
|
| 710 |
1 |
1 |
|a ASEAN Institute of Forest Management (AIFM)
|
| 998 |
|
|
|a JPSM
|
| 999 |
|
|
|a 0000003923
|b Monograph
|c Open Shelf
|e Default branch
|